Women, Culture and development (Record no. 7764)

MARC details
000 -LEADER
fixed length control field 00545nam a22001937a 4500
003 - CONTROL NUMBER IDENTIFIER
control field OSt
005 - DATE AND TIME OF LATEST TRANSACTION
control field 20220301143008.0
008 - FIXED-LENGTH DATA ELEMENTS--GENERAL INFORMATION
fixed length control field 220301b ||||| |||| 00| 0 eng d
020 ## - INTERNATIONAL STANDARD BOOK NUMBER
International Standard Book Number 978198289647
040 ## - CATALOGING SOURCE
Transcribing agency DDC
082 ## - DEWEY DECIMAL CLASSIFICATION NUMBER
Classification number 305.4WOM1995
100 ## - MAIN ENTRY--PERSONAL NAME
Personal name Martha, Nussbaum : Jonathan, Glover
9 (RLIN) 15829
245 ## - TITLE STATEMENT
Title Women, Culture and development
Remainder of title : a study of human capabilities
260 ## - PUBLICATION, DISTRIBUTION, ETC. (IMPRINT)
Place of publication, distribution, etc. New york
Name of publisher, distributor, etc. : Oxford University
Date of publication, distribution, etc. , 1995
300 ## - PHYSICAL DESCRIPTION
Extent xi,481p.
Dimensions ; 24 cm
504 ## - BIBLIOGRAPHY, ETC. NOTE
Bibliography, etc Index
650 ## - SUBJECT ADDED ENTRY--TOPICAL TERM
Topical term or geographic name as entry element Women development
9 (RLIN) 15830
942 ## - ADDED ENTRY ELEMENTS (KOHA)
Source of classification or shelving scheme Dewey Decimal Classification
Koha item type Book
Holdings
Withdrawn status Lost status Source of classification or shelving scheme Damaged status Not for loan Home library Current library Date acquired Inventory number Total Checkouts Full call number Barcode Date last seen Price effective from Koha item type Source of acquisition
    Dewey Decimal Classification     Faculty of Interdisciplinary Studies Library Faculty of Interdisciplinary Studies Library 01/03/2022 11/4250   305.4WOM1995 2022-0339 01/03/2022 01/03/2022 Book  
    Dewey Decimal Classification     Faculty of Interdisciplinary Studies Library Faculty of Interdisciplinary Studies Library 01/03/2022 11/4246   305.4WOM1995 2022-0340 01/03/2022 01/03/2022 Book Purchase
    Dewey Decimal Classification     Faculty of Interdisciplinary Studies Library Faculty of Interdisciplinary Studies Library 01/03/2022 11/4247   305.4WOM1995 2022-0341 01/03/2022 01/03/2022 Book Purchase